000 00589nam a2200217Ia 4500
005 20250508151924.0
008 008 250505s9999 xx 000 0 eng d
037 _aTextual
040 _aFEDL
_beng
_cFEDL
041 _aeng
_2eng
084 _a372, HIL
_qFEDL
100 _aHildreth Gertrude
245 0 _aLearning the three R'S
250 _a2
260 _aMinneapolis
_bEducation Publishers, Inc
_c1947
300 _axi,897p
490 _aCumberland education series
650 _aElementary Education
942 _cTEXL
_h372, HIL
999 _c1332985
_d1332985